Vplyv exportného výkonu na tvorbu marketingovej stratégie: analýza malých a stredných podnikov v SR
Skúmanie vplyvu exportného výkonu na tvorbu marketingovej stratégie. Na základe formulovania viacerých hypotéz výskumu sa analyzujú na vzorke 115 podnikov väzby medzi mierou angažovanosti v exporte, faktormi exportu, charakteristikami exportných trhov a podobou marketingovej stratégie.
Na minha lista:
| Autor principal: | |
|---|---|
| Formato: | Capítulo de Livro |
| Idioma: | eslovaco |
| Assuntos: | |
| Tags: |
Sem tags, seja o primeiro a adicionar uma tag!
|
MARC
| LEADER | 00000naa$a2200000$$$4500 | ||
|---|---|---|---|
| 001 | 0068652 | ||
| 005 | 20240502071831.0 | ||
| 041 | 0 | |a slo | |
| 044 | |a SK | ||
| 245 | 1 | 0 | |a Vplyv exportného výkonu na tvorbu marketingovej stratégie: analýza malých a stredných podnikov v SR |c Dagmar Lesáková |
| 520 | |a Skúmanie vplyvu exportného výkonu na tvorbu marketingovej stratégie. Na základe formulovania viacerých hypotéz výskumu sa analyzujú na vzorke 115 podnikov väzby medzi mierou angažovanosti v exporte, faktormi exportu, charakteristikami exportných trhov a podobou marketingovej stratégie. | ||
| 610 | 2 | 0 | |a analýza ekonomická |
| 610 | 2 | 0 | |a stratégia marketingová |
| 610 | 2 | 0 | |a adaptácia |
| 610 | 2 | 0 | |a marketing mix |
| 610 | 2 | 0 | |a štandardizácia |
| 610 | 2 | 0 | |a podnik malý |
| 610 | 2 | 0 | |a podnik stredný |
| 610 | 2 | 0 | |a Slovensko |
| 100 | 1 | |a Lesáková, Dagmar, 1949- | |